|
|
|
|
| LEADER |
00772nab a2200193 i 4500 |
| 001 |
tisza16244 |
| 005 |
20200330155332.0 |
| 008 |
170112s1996 hu o 0|| hun d |
| 022 |
|
|
|a 0133-1167
|
| 040 |
|
|
|a SZTE Tiszatáj Archívum
|b hun
|
| 041 |
|
|
|a hun
|
| 100 |
1 |
|
|a Ferenczi László
|
| 245 |
1 |
0 |
|a Szigeti Lajos Sándor
|h [elektronikus dokumentum] :
|b Modern hagyomány : motívumok és költői magatartásformák a huszadik századi magyar irodalomban : [könyvismertetés] /
|c Ferenczi László
|
| 260 |
|
|
|c 1996
|
| 300 |
|
|
|a 74-76
|
| 490 |
0 |
|
|a Tiszatáj
|v 50 No. 7
|
| 695 |
|
|
|a Szigeti Lajos Sándor, Magyar irodalom - könyvismertetés
|
| 700 |
0 |
1 |
|a Szigeti Lajos Sándor
|
| 856 |
4 |
0 |
|u http://tiszataj.bibl.u-szeged.hu/16244/1/tiszataj_1996_007_074-076.pdf
|z Dokumentum-elérés
|